| 000 | 00535nam a22002057a 4500 | ||
|---|---|---|---|
| 003 | SISC | ||
| 005 | 20160303085858.0 | ||
| 008 | 130723t xxu||||| |||| 00| 0 eng d | ||
| 020 | _a0553213164 | ||
| 050 |
_aPZ 3 _b.M787 1992 |
||
| 082 |
_aCLA M76#4 _b1992 |
||
| 100 |
_aMontgomery, L. M. _93066 |
||
| 245 |
_aAnne of Windy Poplars / _cL. M. Montgomery. |
||
| 260 |
_aNew York : _bBantam Books, _c c1992. |
||
| 300 |
_a258 p. : _c17 cm. |
||
| 562 | _e1 | ||
| 650 |
_a Fiction. _9746 |
||
| 942 |
_2lcc _cBK |
||
| 999 |
_c7468 _d7468 |
||